00586nam a2200193Ia 4500003000400000005001700004006001800021007000300039008004100042024001000083037001200093040002000105041001300125082003900138245010300177260006100280490003400341650001700375OSt20220918172748.0a|||||r|||| 00| 0ta220917b |||||||| |||| 00| 0 eng d a2,754 cTextual aARTScARTSbeng 2engaeng aa12,3-15,2237,N63, K3.1-22, K3.8;1 0aCatalogue of Sanskrit manuscripts in the Rajasthan oriental Research Institute, Jodhpur collection aJodhpurbRajasthan Oriental Research Institute c1963 aRajasthan Puratana Granthmala aBIBLIOGRAPHY